Les surprenants chiffres des Français - 12 - Statistiques

Statistiques générales
  • Ce quiz a été pris 11 fois
  • Le résultat moyen est 4 sur 15
Statistiques - réponses
Hint Réponse % Correct
245000 par an Cambriolage en France
50%
26 m2 par seconde Croissance de la forêt en France
50%
180 par an impacts de météorites sur la Lune
40%
10500 kilos d'arsenic rejeté dans l'air en France
30%
15 par jour Nombre de déchets spatiaux tombant chaque jour sur Terre
30%
84000 par an nombre de météorites tombant sur Terre
30%
500000 par an Nombre de Monopoly vendus en France
30%
200000 par an Nombre de Rubik's cube vendus en France
30%
117 tonnes de plomb rejeté dans l'air en France
20%
467 tonnes de zinc rejeté dans l'air en France
20%
40 Millions par an Nombre de jouets jetés en France
20%
6000 kilos de cadmium rejeté dans l'air en France
10%
41 tonnes de chrome rejeté dans l'air en France
10%
160 tonnes de cuivre rejeté dans l'air en France
10%
300000 par an Nombre de Scrabble vendus en France
10%
Aucun quiz correspondant
Distribution des résultats
% des personnes avec chaque résultat
Percentile par nombre de réponses
Votre historique - résultats
Vous n’avez pas pris ce quiz